| 000 | 00000nam##2200000za#4500 |
| 001 | 9.699675 |
| 003 | CaOODSP |
| 005 | 20210705115228 |
| 007 | cr ||||||||||| |
| 008 | 150407|2001||||xxc|||||o f|0| 0 eng|d |
| 040 | |aCaOODSP|beng |
| 043 | |an-cn--- |
| 086 | 1 |aH118-69/2001E-PDF |
| 110 | 1 |aCanada. |bCanadian Institute for Health Information. |
| 245 | 13|aAn environmental scan of research transfer strategies / |h[electronic resource]|cprepared by: Canadian Population Health Initiative of the Canadian Institute for Health Information. |
| 260 | |aOttawa - Ontario : |bCanadian Institute for Health Information |cFebruary 2001. |
| 300 | |a28p.|btables |
| 590 | |a14-14-Supp|b2014-07-24 |
| 775 | 08|tAnalyse de la conjoncture des stratégies de transfert de la recherche / |w(CaOODSP)9.643652 |
| 856 | 40|ahttp://publications.gc.ca|qPDF|s332 KB|uhttps://publications.gc.ca/collections/collection_2014/icis-cihi/H118-69-2001-eng.pdf |